000 00553nam a2200253Ia 4500
008 210210b2016 xxu||||| |||| 00| 0 eng d
020 _a9789384850098
041 _aeng
082 _a150 TRII
100 _aTRIVEDI (Deep)
245 _aI am the mind: much more powerful than the brain
260 _aMumbai
_b-
_c2016
300 _a254+8
650 _athan
650 _apowerful
650 _amuch
650 _amore
650 _amind:
650 _aI
650 _abrain
650 _aam
690 _aPsychology
906 _a071428
999 _c120832
_d120832